000 00543nam a2200193Ia 4500
005 20250923145258.0
008 008 250917s9999 xx 000 0 eng d
037 _aTextual
040 _aDSWL
_beng
_cDSWL
041 _aeng
_2eng
084 _aYX,Z1;6-R1.56x, N72
_qDSWL
245 4 _aThe Future of Parole
_c Ed.by D.J. West
260 _aLondon
_b Gerald Duckworth & Co. Ltd.
_c1972
300 _a212p.
365 _aGBP
_b3.25
925 _g3.25
942 _cTEXL
_hYX,Z1;6-R1.56x, N72
999 _c1449374
_d1449374